| 000 | 00375cam a22001337a 4500 | ||
|---|---|---|---|
| 008 | 180718b1979 xxu||||| |||| 00| 0 eng d | ||
| 082 | _aB142x54 M474 | ||
| 100 | _aMehta, Vimala | ||
| 245 |
_aAttitude of educated women towards social issues _cby Vimala Mehta |
||
| 260 |
_aNew Delhi _bNational _c1979 |
||
| 300 | _a127p. | ||
| 650 | _aSocial change. | ||
| 650 | _aWomen - India | ||
| 999 |
_c350553 _d350553 |
||